00801nam a2200217 i 450000100060000000300090000600500170001500700030003200800410003511000480007624500790012426000390020330000380024249000150028060000560029570000380035183000230038985200320041299900170044495201220046182473ES-MaACL20251215190933.0t|041110s1964 sp ||||1| spa d1 aEstados Unidos. bWarren Commission916358210aInforme de la Comisión Warren sobre el asesinato del Presidente Kennedy. aBarcelona : bSeix Barral, c1964. aXXXI, 412 p., 4 lám. ; c22 cm.1 aTestimonio17aKennedy, John F.,d1917-1963- xAsesinato291608121 aWarren, Earl, d1891-197491688700 aTestimonio9178337 aES-MaACLjC-27007 bR.55926 c82473d82473 00104070aATENEOMbATENEOMcDEPO2d2008-01-17eSCl0oC-27007p1086190r2023-02-23 00:00:00w2023-02-23yMONOGRAFIA